[Event "V Festival A"]
[Site "Nereto ITA"]
[Date "2000.08.11"]
[Round "1"]
[White "Bocchicchio, Gaetano"]
[Black "Buchicchio, Giampaolo"]
[Result "0-1"]
[WhiteElo "2214"]
[BlackElo "1918"]
[PlyCount "94"]
[EventDate "2000.08.11"]

1. d4 d5 2. Nc3 Nf6 3. Bg5 Bf5 4. f3 Nbd7 5. Qd2 h6 6. Bxf6 Nxf6 7. e4 dxe4 8.
Qf4 e6 9. fxe4 Bg6 10. Nf3 Bb4 11. Bd3 O-O 12. a3 Bxc3+ 13. bxc3 c5 14. dxc5
Qa5 15. O-O Qxc5+ 16. Kh1 Qxc3 17. Rab1 b6 18. Rb3 Qc5 19. Rb5 Qxa3 20. Ne5 Bh7
21. Qh4 a6 22. Rbb1 Qc3 23. Nf3 b5 24. Rf2 e5 25. Ng1 Qc6 26. Re1 Rae8 27. Rf3
Re6 28. h3 Rd8 29. g4 Rd4 30. Ne2 Rxe4 31. Kh2 Rxg4 32. Qf2 e4 33. Nd4 exf3 34.
Nxc6 Rg2+ 35. Qxg2 fxg2 36. Bxh7+ Kxh7 37. Rxe6 fxe6 38. Kxg2 Kg6 39. Kf3 Kf5
40. Ke3 e5 41. Ne7+ Ke6 42. Ng6 a5 43. Kd3 a4 44. c3 Nd5 45. Nf8+ Ke7 46. Ng6+
Kf6 47. Nf8 Nb6 0-1

[Event "V Festival A"]
[Site "Nereto ITA"]
[Date "2000.08.11"]
[Round "1"]
[White "Buchicchio, Giancarlo"]
[Black "Barlocco, Carlo"]
[Result "0-1"]
[WhiteElo "1837"]
[BlackElo "2179"]
[PlyCount "34"]
[EventDate "2000.08.11"]

1. e4 c5 2. f4 e6 3. Nf3 d5 4. exd5 exd5 5. d4 Nc6 6. Bb5 Bd6 7. c4 Nf6 8. Ne5
O-O 9. Nxc6 bxc6 10. Bxc6 Bg4 11. Qd2 cxd4 12. O-O Rc8 13. cxd5 Bc5 14. b4 Bb6
15. Ba3 Be2 16. Rc1 d3+ 17. Kh1 Ne4 0-1

[Event "V Festival A"]
[Site "Nereto ITA"]
[Date "2000.08.11"]
[Round "1"]
[White "Corvi, Marco"]
[Black "D'Innocente, Stefano"]
[Result "1-0"]
[WhiteElo "2319"]
[BlackElo "2025"]
[PlyCount "65"]
[EventDate "2000.08.11"]

1. e4 c5 2. Nf3 d6 3. d4 cxd4 4. Nxd4 Nf6 5. Nc3 a6 6. f4 Nc6 7. Nf3 e6 8. Bd3
Be7 9. O-O O-O 10. Kh1 Qc7 11. Qe1 Bd7 12. a3 Rfd8 13. Qg3 b5 14. e5 Ne8 15.
Be3 b4 16. Ne4 bxa3 17. Neg5 f5 18. exf6 Nxf6 19. bxa3 h6 20. Ne4 Nxe4 21. Bxe4
d5 22. Bd3 Bf6 23. Qg6 Kf8 24. Ne5 Be8 25. Qh7 d4 26. Bd2 a5 27. Rae1 Rd6 28.
Nc4 Rdd8 29. Rxe6 Bf7 30. Rxf6 gxf6 31. Qxh6+ Ke7 32. Re1+ Kd7 33. Bf5+ 1-0

[Event "V Festival A"]
[Site "Nereto ITA"]
[Date "2000.08.11"]
[Round "1"]
[White "Drabke, Lorenz Maximilian"]
[Black "Badea, Bela"]
[Result "0-1"]
[WhiteElo "2144"]
[BlackElo "2480"]
[PlyCount "96"]
[EventDate "2000.08.11"]

1. e4 g6 2. d4 Bg7 3. Nc3 d6 4. Nf3 c6 5. a4 Nf6 6. Be2 O-O 7. O-O Nbd7 8. h3
e5 9. dxe5 dxe5 10. Qd6 Re8 11. Qa3 Nh5 12. g3 Nf8 13. Rd1 Qc7 14. Kg2 Ne6 15.
Be3 Nf6 16. Qd6 Qxd6 17. Rxd6 Bf8 18. Rdd1 Nd7 19. Bc4 a5 20. Ng5 Nxg5 21. Bxg5
Bc5 22. Rd3 Nf8 23. Be3 Bxe3 24. Rxe3 Be6 25. Bxe6 Nxe6 26. Rd1 Red8 27. Red3
Rxd3 28. Rxd3 Kf8 29. Rd2 Ke7 30. b3 h5 31. h4 f5 32. f3 Rg8 33. Nd1 f4 34. Nb2
g5 35. Kf2 fxg3+ 36. Kxg3 Nd4 37. Nc4 gxh4+ 38. Kh3 Nxf3 39. Rg2 Ra8 40. Rf2
Rf8 41. Kg2 h3+ 42. Kxh3 Ng5+ 43. Kg2 Rxf2+ 44. Kxf2 Nxe4+ 45. Ke3 Nd6 46. Nxa5
c5 47. c3 Kd7 48. b4 c4 0-1

[Event "V Festival A"]
[Site "Nereto ITA"]
[Date "2000.08.11"]
[Round "1"]
[White "Farago, Ivan"]
[Black "Tribuiani, Renato"]
[Result "1-0"]
[WhiteElo "2486"]
[BlackElo "2146"]
[PlyCount "79"]
[EventDate "2000.08.11"]

1. d4 d5 2. c4 e6 3. Nf3 c6 4. e3 f5 5. Bd3 Nf6 6. O-O Bd6 7. b3 O-O 8. a4 Bd7
9. Ba3 Bxa3 10. Nxa3 Ne4 11. Ne5 Be8 12. f3 Nd6 13. b4 Nd7 14. Qb3 Qf6 15. c5
Nf7 16. f4 Qe7 17. b5 Ndxe5 18. fxe5 Nd8 19. a5 Qg5 20. Nc2 Qe7 21. a6 Rf7 22.
Rfb1 g5 23. axb7 Qxb7 24. Qa4 cxb5 25. Bxb5 Bxb5 26. Rxb5 Qc8 27. Rb6 Re7 28.
Nb4 Kf7 29. Rd6 Rb8 30. h3 h5 31. Na6 Rb2 32. c6 Kf8 33. Rc1 Rb6 34. c7 Nf7 35.
Rxb6 axb6 36. Qc6 Kg7 37. Qxb6 g4 38. Qb8 Re8 39. Qxc8 Rxc8 40. Rb1 1-0

[Event "V Festival A"]
[Site "Nereto ITA"]
[Date "2000.08.11"]
[Round "1"]
[White "Farina, Saverio"]
[Black "Ortega, Lexy"]
[Result "0-1"]
[WhiteElo "2153"]
[BlackElo "2491"]
[PlyCount "104"]
[EventDate "2000.08.11"]

1. c4 e6 2. e4 c5 3. Nc3 Nc6 4. Nf3 Nf6 5. d4 cxd4 6. Nxd4 Bb4 7. Nxc6 Bxc3+ 8.
bxc3 dxc6 9. Qxd8+ Kxd8 10. e5 Nd7 11. Bf4 b6 12. Be2 Kc7 13. O-O-O Ba6 14. Rd6
Rad8 15. Rhd1 Nb8 16. Bg5 Rxd6 17. Rxd6 c5 18. f4 Nc6 19. g4 Na5 20. Kb1 Bxc4
21. Bf3 Bb5 22. Bh4 Nc4 23. Rd1 Ba4 24. Rd3 Bc6 25. Bxc6 Kxc6 26. Bg3 Kc7 27.
Bh4 h5 28. gxh5 Rxh5 29. Bg3 g6 30. Kc1 Rh8 31. Kc2 Kc8 32. Kc1 Rd8 33. Kc2 Rd7
34. Bh4 Kc7 35. Bg3 Kc6 36. Rxd7 Kxd7 37. Kd3 b5 38. Bf2 Kc6 39. Ke4 a5 40. h4
a4 41. Be1 a3 42. Kf3 Kd5 43. Kg4 Ke4 44. Kg5 Ne3 45. Kf6 b4 46. cxb4 cxb4 47.
Bxb4 Nd5+ 48. Kxf7 Nxb4 49. Kxg6 Nd3 50. f5 Nxe5+ 51. Kg7 exf5 52. h5 Ng4 0-1

[Event "V Festival A"]
[Site "Nereto ITA"]
[Date "2000.08.11"]
[Round "1"]
[White "Ferri, Stefano"]
[Black "Sibilio, Mario"]
[Result "0-1"]
[WhiteElo "2089"]
[BlackElo "2381"]
[PlyCount "20"]
[EventDate "2000.08.11"]

1. d4 c5 2. c4 cxd4 3. Nf3 e5 4. e3 dxe3 5. Bxe3 Nf6 6. h3 Bb4+ 7. Nbd2 Nc6 8.
Be2 O-O 9. O-O d5 10. a3 Be7 0-1

[Event "V Festival A"]
[Site "Nereto ITA"]
[Date "2000.08.11"]
[Round "1"]
[White "Foisor, Cristina-Adela"]
[Black "Artizzu, Giulio"]
[Result "1-0"]
[WhiteElo "2386"]
[BlackElo "2095"]
[PlyCount "61"]
[EventDate "2000.08.11"]

1. Nf3 Nf6 2. g3 g6 3. b3 Bg7 4. Bb2 O-O 5. Bg2 c5 6. c4 Nc6 7. O-O d6 8. Nc3
Bd7 9. e3 Rc8 10. d4 b6 11. Qd2 Qc7 12. Rad1 Qb8 13. h3 Rfe8 14. d5 Na5 15. e4
h6 16. Rfe1 Nh7 17. Re2 Nb7 18. Rde1 e5 19. dxe6 Bxe6 20. Nd5 Bxb2 21. Qxb2
Bxd5 22. cxd5 b5 23. e5 c4 24. bxc4 bxc4 25. e6 f6 26. Nh4 Kg7 27. Qc2 f5 28.
g4 Nf6 29. gxf5 g5 30. Ng6 c3 31. Re3 1-0

[Event "V Festival A"]
[Site "Nereto ITA"]
[Date "2000.08.11"]
[Round "1"]
[White "Sax, Gyula"]
[Black "Moyse, Nigel John"]
[Result "1-0"]
[WhiteElo "2563"]
[BlackElo "2155"]
[PlyCount "23"]
[EventDate "2000.08.11"]

1. e4 e5 2. Nf3 Nc6 3. Bb5 a6 4. Ba4 Nf6 5. O-O Be7 6. Re1 b5 7. Bb3 d6 8. c3
O-O 9. d4 Bg4 10. Be3 exd4 11. cxd4 Nxe4 12. Bd5 1-0

[Event "V Festival A"]
[Site "Nereto ITA"]
[Date "2000.08.11"]
[Round "1"]
[White "Suppa, Ercole"]
[Black "Foisor, Ovidiu-Doru"]
[Result "1/2-1/2"]
[WhiteElo "2123"]
[BlackElo "2404"]
[PlyCount "105"]
[EventDate "2000.08.11"]

1. d4 Nf6 2. Nc3 g6 3. e4 d6 4. Nf3 Bg7 5. Be2 O-O 6. O-O c5 7. d5 Na6 8. Re1
Nc7 9. h3 b6 10. Bg5 Bb7 11. Qd2 e6 12. Rad1 exd5 13. exd5 Qd7 14. Bxf6 Bxf6
15. Na4 Bg7 16. c4 f5 17. Nc3 Rae8 18. Bd3 Bf6 19. Rxe8 Rxe8 20. Re1 Bc8 21. h4
Re7 22. Re2 Qe8 23. Rxe7 Qxe7 24. g3 Qg7 25. Kg2 Bd7 26. Qe1 Kf8 27. Qd2 Ne8
28. Be2 h6 29. Nd1 g5 30. hxg5 hxg5 31. b3 Qe7 32. Bd3 Ng7 33. Qe1 g4 34. Qxe7+
Kxe7 35. Nd2 Bd4 36. f4 a6 37. a4 Ne8 38. Kf1 Nc7 39. Ke2 b5 40. axb5 axb5 41.
Ne3 Kf6 42. Ng2 bxc4 43. bxc4 Ne8 44. Nf1 Ng7 45. Nge3 Nh5 46. Kf2 Bb2 47. Kg2
Bc1 48. Bc2 Ng7 49. Kf2 Ne8 50. Ke2 Nc7 51. Ng2 Na8 52. Nh4 Nb6 53. Bd3 1/2-1/2

[Event "V Festival A"]
[Site "Nereto ITA"]
[Date "2000.08.11"]
[Round "1"]
[White "Tomba, Ivan"]
[Black "Tocchioni, Doriano"]
[Result "1-0"]
[WhiteElo "2022"]
[BlackElo "2250"]
[PlyCount "72"]
[EventDate "2000.08.11"]

1. e4 c5 2. Nf3 Nc6 3. d4 cxd4 4. Nxd4 e5 5. Nb5 d6 6. N1c3 a6 7. Na3 b5 8. Nd5
Nf6 9. Bg5 Be7 10. Bxf6 Bxf6 11. c3 O-O 12. Nc2 Kh8 13. h4 h6 14. g3 Rb8 15.
Be2 g6 16. Qd2 Bg7 17. h5 g5 18. Nce3 Be6 19. a4 Qd7 20. O-O Qb7 21. axb5 axb5
22. Qd3 Rfd8 23. Bg4 Ne7 24. Nxe7 Qxe7 25. Rfd1 b4 26. Ra6 bxc3 27. bxc3 Bf8
28. Rda1 Rb7 29. Ra8 Rdb8 30. R1a7 Rxa7 31. Rxb8 Kg7 32. Qb5 Bxg4 33. Nxg4 Qe6
34. Ne3 Qh3 35. Nf5+ Kg8 36. Rxf8+ Kh7 1-0

[Event "V Festival A"]
[Site "Nereto ITA"]
[Date "2000.08.11"]
[Round "1"]
[White "Turturici, Pellegrino"]
[Black "Nannelli, Paolo"]
[Result "0-1"]
[WhiteElo "2012"]
[BlackElo "2217"]
[PlyCount "66"]
[EventDate "2000.08.11"]

1. c4 g6 2. Nf3 Bg7 3. Nc3 d6 4. d4 Nf6 5. g3 O-O 6. Bg2 Nc6 7. O-O Bf5 8. Nh4
Bd7 9. Bg5 h6 10. Bxf6 Bxf6 11. Nf3 Bg4 12. e3 Qc8 13. Qd2 Bg7 14. Rfe1 Kh7 15.
b3 e5 16. d5 Ne7 17. Rac1 a6 18. Na4 b6 19. Kh1 Bh3 20. Nc3 Bxg2+ 21. Kxg2 f5
22. h3 Qe8 23. h4 Qd7 24. Ne2 Rf7 25. Rf1 Raf8 26. Nh2 f4 27. exf4 exf4 28.
Nxf4 Rxf4 29. gxf4 Nf5 30. h5 Nh4+ 31. Kh1 Qh3 32. hxg6+ Kg8 33. Rg1 Nf3 0-1

[Event "V Festival A"]
[Site "Nereto ITA"]
[Date "2000.08.11"]
[Round "1"]
[White "Vezzosi, Paolo"]
[Black "Sbraccia, Giovanni"]
[Result "1-0"]
[WhiteElo "2421"]
[BlackElo "2131"]
[PlyCount "97"]
[EventDate "2000.08.11"]

1. d4 Nf6 2. c4 c5 3. d5 b5 4. cxb5 a6 5. b6 g6 6. Nc3 d6 7. Nf3 Bg7 8. Nd2
Nbd7 9. e4 O-O 10. Be2 Nxb6 11. O-O e6 12. Nc4 exd5 13. exd5 Rb8 14. Ne3 Bb7
15. Rb1 Re8 16. Bf3 Re5 17. b4 cxb4 18. Rxb4 Rc8 19. Bb2 Re7 20. Qa1 Nfd7 21.
Ne4 Ne5 22. Bxe5 Bxe5 23. Qb1 Bxd5 24. Rxb6 Bxa2 25. Qxa2 Qxb6 26. Nd5 Qa7 27.
Nxe7+ Qxe7 28. Qxa6 Rd8 29. Qd3 d5 30. Rd1 Kg7 31. Ng3 d4 32. Ne4 Rc8 33. g4
Qh4 34. Ng3 Qf6 35. Kg2 Rc3 36. Qe4 Ra3 37. h4 Ra2 38. g5 Qd6 39. Ne2 Ra4 40.
Qc6 Ra6 41. Qxd6 Rxd6 42. Be4 f5 43. f4 Bxf4 44. Nxf4 fxe4 45. Rxd4 Rxd4 46.
Ne6+ Kg8 47. Nxd4 h6 48. Kg3 hxg5 49. hxg5 1-0

[Event "V Festival A"]
[Site "Nereto ITA"]
[Date "2000.08.12"]
[Round "2"]
[White "Badea, Bela"]
[Black "Scalcione, Michelangelo"]
[Result "1-0"]
[WhiteElo "2480"]
[BlackElo "2239"]
[PlyCount "98"]
[EventDate "2000.08.11"]

1. Nf3 Nf6 2. c4 g6 3. g3 Bg7 4. Bg2 O-O 5. O-O d6 6. d4 c6 7. Nc3 Bf5 8. Ne1
e5 9. d5 cxd5 10. cxd5 Na6 11. e4 Bd7 12. Nd3 b5 13. a3 Qb6 14. b4 Rac8 15. Be3
Qb7 16. Bd2 Rc4 17. Rc1 Rfc8 18. Qe2 Nh5 19. Kh1 Nb8 20. Nb2 R4c7 21. Nbd1 Be8
22. Ne3 a6 23. Rc2 Nd7 24. Bh3 Ra8 25. Rfc1 Nb6 26. Ncd1 Rxc2 27. Rxc2 Nf6 28.
f3 Nfd7 29. Rc6 Rc8 30. Rxd6 Bf8 31. Rc6 Rxc6 32. dxc6 Qxc6 33. Nc3 Nf6 34. Qd3
Qd6 35. Ned5 Nfxd5 36. exd5 f5 37. g4 e4 38. fxe4 fxg4 39. Bxg4 Nc4 40. Be6+
Bf7 41. Bxf7+ Kxf7 42. Be1 Qf4 43. Qe2 Bd6 44. Nd1 Qc1 45. Nf2 Ne5 46. Kg2 Qxa3
47. Ng4 Nxg4 48. Qxg4 Qb2+ 49. Bf2 Qxb4 1-0

[Event "V Festival A"]
[Site "Nereto ITA"]
[Date "2000.08.12"]
[Round "2"]
[White "Barlocco, Carlo"]
[Black "Vezzosi, Paolo"]
[Result "0-1"]
[WhiteElo "2179"]
[BlackElo "2421"]
[PlyCount "92"]
[EventDate "2000.08.11"]

1. c4 e5 2. g3 Nc6 3. Bg2 g6 4. Nc3 Bg7 5. e3 d6 6. Nge2 Nh6 7. Rb1 Bf5 8. d3
O-O 9. b4 Qd7 10. b5 Nd8 11. h4 Bg4 12. Nd5 Rc8 13. e4 f6 14. O-O c6 15. bxc6
bxc6 16. Ne3 Be6 17. d4 Ndf7 18. Kh2 Qc7 19. Qa4 g5 20. Ba3 gxh4 21. gxh4 f5
22. d5 cxd5 23. cxd5 Bd7 24. Qa6 Qd8 25. exf5 Qxh4+ 26. Kg1 Bxf5 27. Rb3 Rc7
28. Nxf5 Nxf5 29. Ng3 Nd4 30. Rb7 Rxb7 31. Qxb7 Ng5 32. Rb1 Nh3+ 33. Bxh3 Qxh3
34. Rb3 Nxb3 35. axb3 Rd8 36. Qxa7 Bf8 37. Qe3 Qg4 38. Bc1 Rc8 39. Bd2 Rc7 40.
Qb6 Qd1+ 41. Kg2 Rc2 42. Be3 Qxd5+ 43. Kh2 Rb2 44. Qd8 Qf7 45. Ne4 Qh5+ 46. Kg3
Qg6+ 0-1

[Event "V Festival A"]
[Site "Nereto ITA"]
[Date "2000.08.12"]
[Round "2"]
[White "Buchicchio, Giampaolo"]
[Black "Foisor, Cristina-Adela"]
[Result "0-1"]
[WhiteElo "1918"]
[BlackElo "2386"]
[PlyCount "160"]
[EventDate "2000.08.11"]

1. e4 d6 2. d4 Nf6 3. Nc3 g6 4. f3 c6 5. Be3 b5 6. Qd2 Bb7 7. Bd3 Nbd7 8. Nd1
e5 9. c3 a6 10. Ne2 Bg7 11. Rc1 O-O 12. O-O d5 13. Nf2 Re8 14. b3 Qe7 15. Rfd1
c5 16. Bg5 c4 17. Bb1 dxe4 18. fxe4 Rac8 19. d5 Qd6 20. Rf1 a5 21. Kh1 Ba6 22.
bxc4 Rxc4 23. Ng3 Rec8 24. Bd3 R4c7 25. Qe2 Rxc3 26. Rxc3 Rxc3 27. Bxb5 Bxb5
28. Qxb5 Qb4 29. Qa6 Qc4 30. Qxc4 Rxc4 31. Rc1 Nb6 32. Kg1 Nfd7 33. Nd3 h5 34.
Kf1 Ra4 35. Bd8 Nc4 36. h3 Bh6 37. Ra1 Nd2+ 38. Kf2 h4 39. Bxh4 Nxe4+ 40. Nxe4
Rxe4 41. Bg3 f6 42. Rd1 Ra4 43. Nc1 Kf7 44. Ke1 Nc5 45. Bf2 Nd7 46. Nb3 Rxa2
47. Rb1 e4 48. Nc5 Bd2+ 49. Kf1 Nxc5 50. Bxc5 Bb4 51. Bxb4 axb4 52. Rxb4 f5 53.
Rd4 Ke7 54. d6+ Kd7 55. g3 Ra6 56. h4 Rxd6 57. Ra4 Ke6 58. Ra5 Kf6 59. Kf2 Rd2+
60. Ke1 Rd3 61. Kf2 Kg7 62. h5 Rf3+ 63. Kg2 gxh5 64. Ra6 Rb3 65. Rc6 Kf7 66.
Rh6 Rb2+ 67. Kf1 Rh2 68. Kg1 Kg7 69. Ra6 Rb2 70. Kf1 h4 71. gxh4 Rh2 72. Ra7+
Kf6 73. Rh7 Ke5 74. Kg1 Ra2 75. h5 Kf4 76. h6 Ra6 77. Rh8 Kf3 78. h7 Rg6+ 79.
Kf1 Rh6 80. Ke1 f4 0-1

[Event "V Festival A"]
[Site "Nereto ITA"]
[Date "2000.08.12"]
[Round "2"]
[White "D'Innocente, Stefano"]
[Black "Farina, Saverio"]
[Result "0-1"]
[WhiteElo "2025"]
[BlackElo "2153"]
[PlyCount "121"]
[EventDate "2000.08.11"]

1. e4 e6 2. d4 d5 3. e5 c5 4. c3 Qb6 5. Nf3 Nc6 6. Be2 cxd4 7. cxd4 Nh6 8. Nc3
Nf5 9. Na4 Qa5+ 10. Bd2 Bb4 11. Bc3 b5 12. a3 Bxc3+ 13. Nxc3 b4 14. axb4 Qxb4
15. Bb5 Bd7 16. Bxc6 Bxc6 17. Qd2 Bb5 18. Nxb5 Qxb5 19. Ra5 Qc4 20. Rc5 Qa6 21.
Ra5 Qc4 22. Rc5 Qa6 23. Ra5 Qb6 24. O-O O-O 25. Rfa1 Rfb8 26. h3 h6 27. R1a2
Rb7 28. Ra6 Qb4 29. Qxb4 Rxb4 30. R6a4 Rxa4 31. Rxa4 g5 32. b3 Rb8 33. Nd2 Kg7
34. Kf1 Rc8 35. Ke2 Rc3 36. Rb4 Kg6 37. Nf3 Rc2+ 38. Nd2 h5 39. g4 hxg4 40.
hxg4 Nh4 41. Ra4 Rc7 42. Ra1 Ng2 43. Kd1 Nf4 44. f3 f6 45. exf6 Kxf6 46. Ra6
Ke7 47. b4 Rb7 48. b5 Rxb5 49. Rxa7+ Kf6 50. Kc2 Rb6 51. Nb3 Rc6+ 52. Kd2 e5
53. Ra8 Ne6 54. Kd3 Nf4+ 55. Kd2 Ne6 56. Kd3 exd4 57. Nxd4 Nf4+ 58. Kd2 Rc4 59.
Ne2 Ne6 60. Re8 Kf7 61. Ra8 0-1

[Event "V Festival A"]
[Site "Nereto ITA"]
[Date "2000.08.12"]
[Round "2"]
[White "Foisor, Ovidiu-Doru"]
[Black "Tomba, Ivan"]
[Result "1-0"]
[WhiteElo "2404"]
[BlackElo "2022"]
[PlyCount "79"]
[EventDate "2000.08.11"]

1. d4 Nf6 2. c4 g6 3. Nc3 Bg7 4. e4 d6 5. f3 O-O 6. Be3 Nc6 7. Nge2 a6 8. Rb1
e5 9. d5 Ne7 10. Qd2 Nd7 11. g4 f5 12. g5 f4 13. Bf2 Kf7 14. h4 Rh8 15. Ng1 Nb6
16. b4 Bd7 17. c5 Na4 18. Nxa4 Bxa4 19. Bh3 Bd7 20. Kf1 Bxh3+ 21. Nxh3 Qd7 22.
Kg2 Rhd8 23. Rhd1 Rac8 24. Qd3 Qa4 25. Qc4 b5 26. Qb3 Qxb3 27. axb3 Ra8 28. Ra1
dxc5 29. bxc5 a5 30. Be1 a4 31. bxa4 bxa4 32. Rdb1 Ra7 33. Ra3 Ke8 34. Nf2 Kd7
35. Nd3 Rda8 36. Bc3 c6 37. d6 Nc8 38. Bxe5 Bxe5 39. Nxe5+ Ke6 40. Nxc6 1-0

[Event "V Festival A"]
[Site "Nereto ITA"]
[Date "2000.08.12"]
[Round "2"]
[White "Moyse, Nigel John"]
[Black "Ferri, Stefano"]
[Result "0-1"]
[WhiteElo "2155"]
[BlackElo "2089"]
[PlyCount "80"]
[EventDate "2000.08.11"]

1. d4 Nf6 2. c4 e6 3. g3 Bb4+ 4. Bd2 Qe7 5. Bg2 O-O 6. a3 Bxd2+ 7. Qxd2 d5 8.
cxd5 exd5 9. Nc3 c6 10. Nf3 Bf5 11. Nh4 Be6 12. O-O Nbd7 13. Rad1 Nb6 14. Qc2
Rfe8 15. Nf3 Rad8 16. Rfe1 Bc8 17. Nd2 Bg4 18. Rc1 Qd7 19. Nb3 Bf5 20. e4 dxe4
21. Nxe4 Nfd5 22. Nbc5 Qc8 23. Qd2 Re7 24. a4 Qc7 25. Ng5 h6 26. Be4 Bc8 27.
Nf3 Nf6 28. Bb1 Nbd5 29. Ne5 a5 30. Ncd3 Bh3 31. Rc5 Ra8 32. Nf4 Nxf4 33. Qxf4
Rae8 34. Qd2 Qd6 35. Qd3 b6 36. Rxc6 Qxc6 37. f3 Qd5 38. Rd1 Be6 39. Qa6 Qb3
40. Qe2 Bc4 0-1

[Event "V Festival A"]
[Site "Nereto ITA"]
[Date "2000.08.12"]
[Round "2"]
[White "Nannelli, Paolo"]
[Black "Farago, Ivan"]
[Result "0-1"]
[WhiteElo "2217"]
[BlackElo "2486"]
[PlyCount "54"]
[EventDate "2000.08.11"]

1. Nf3 Nf6 2. g3 d5 3. c4 c5 4. Bg2 Nc6 5. O-O e5 6. d3 Be7 7. Nc3 d4 8. Na4 h6
9. e4 Bg4 10. h3 Be6 11. Ne1 Qc8 12. Kh2 h5 13. Bd2 h4 14. g4 Nd7 15. a3 a6 16.
b3 f6 17. Nc2 b5 18. Nb2 g5 19. b4 O-O 20. cxb5 axb5 21. bxc5 Nxc5 22. Nb4 Nb3
23. Rb1 Nxd2 24. Qxd2 Nxb4 25. axb4 Qc3 26. Qe2 Rfc8 27. Ra1 Bxb4 0-1

[Event "V Festival A"]
[Site "Nereto ITA"]
[Date "2000.08.12"]
[Round "2"]
[White "Radice, Luca"]
[Black "Drabke, Lorenz Maximilian"]
[Result "0-1"]
[WhiteElo "2012"]
[BlackElo "2144"]
[PlyCount "112"]
[EventDate "2000.08.11"]

1. d4 Nf6 2. c4 c5 3. d5 g6 4. Nc3 Bg7 5. e4 O-O 6. f4 d6 7. Nf3 e6 8. Be2 exd5
9. cxd5 Bg4 10. O-O Nbd7 11. h3 Bxf3 12. Bxf3 Re8 13. a4 a6 14. Re1 c4 15. Be3
Qa5 16. Kh1 Nc5 17. Bxc5 Qxc5 18. e5 dxe5 19. fxe5 Nd7 20. Ne4 Qb4 21. e6 Ne5
22. exf7+ Nxf7 23. d6 Rad8 24. d7 Re7 25. Nc3 Rdxd7 26. Qc2 Rxe1+ 27. Rxe1 Ne5
28. Qe2 Nxf3 29. Qe8+ Qf8 30. Qxd7 Nxe1 31. Qe6+ Qf7 32. Qxe1 h6 33. Qe4 Kh7
34. h4 Kh8 35. Kg1 Qf6 36. Qxc4 Qb6+ 37. Kf1 Qxb2 38. Nd5 Qa1+ 39. Ke2 Qe5+ 40.
Kf1 Qa1+ 41. Ke2 Qb2+ 42. Kf3 b5 43. Qc8+ Kh7 44. Qe6 bxa4 45. Qf7 Qe5 46. g4
a3 47. Kg2 a2 48. Ne7 Qxe7 49. Qxe7 a1=Q 50. h5 Qb2+ 51. Kh3 Qc3+ 52. Kg2 Qc6+
53. Kg1 Qc3 54. Kg2 gxh5 55. gxh5 Qc1 56. Kh2 Qf4+ 0-1

[Event "V Festival A"]
[Site "Nereto ITA"]
[Date "2000.08.12"]
[Round "2"]
[White "Sbraccia, Giovanni"]
[Black "Buchicchio, Giancarlo"]
[Result "1-0"]
[WhiteElo "2131"]
[BlackElo "1837"]
[PlyCount "65"]
[EventDate "2000.08.11"]

1. Nf3 Nf6 2. g3 g6 3. Bg2 c5 4. d3 d6 5. O-O e5 6. Nc3 h6 7. e4 Nc6 8. Be3 Bg7
9. h3 Be6 10. Qd2 Qd7 11. Kh2 Nd4 12. Ng1 h5 13. Nce2 Ng4+ 14. Kh1 Nxe3 15.
fxe3 Bh6 16. c3 Bxe3 17. Qxe3 Nc2 18. Qd2 Nxa1 19. Rxa1 O-O-O 20. Kh2 d5 21.
Qg5 Qd6 22. d4 f5 23. dxe5 Qxe5 24. Nf3 Qg7 25. Nf4 dxe4 26. Nxe6 Qd7 27. Nxd8
exf3 28. Bxf3 Rxd8 29. Rd1 Qe8 30. Qxd8+ Qxd8 31. Rxd8+ Kxd8 32. Bxb7 Ke7 33.
Kg2 1-0

[Event "V Festival A"]
[Site "Nereto ITA"]
[Date "2000.08.12"]
[Round "2"]
[White "Sibilio, Mario"]
[Black "Sax, Gyula"]
[Result "0-1"]
[WhiteElo "2381"]
[BlackElo "2563"]
[PlyCount "65"]
[EventDate "2000.08.11"]

1. Nf3 Nf6 2. g3 d5 3. Bg2 c6 4. O-O Bg4 5. Ne5 Bh5 6. d4 Nbd7 7. c4 e6 8. cxd5
Nxe5 9. dxe6 Nc4 10. exf7+ Bxf7 11. e4 Be7 12. Nc3 O-O 13. b3 Bb4 14. Ne2 Na3
15. Bb2 Qe7 16. f3 a5 17. Kh1 Rfd8 18. g4 a4 19. Ng3 axb3 20. axb3 Qe6 21. d5
cxd5 22. e5 Ne8 23. f4 d4 24. Nf5 d3 25. Nd4 Rxd4 26. Bxd4 Qxb3 27. Qf3 Rd8 28.
Bb6 Bd5 29. Bxd8 Bxf3 30. Bxf3 Kf8 31. f5 Bc3 32. Rad1 Bxe5 33. Be4 0-1

[Event "V Festival A"]
[Site "Nereto ITA"]
[Date "2000.08.12"]
[Round "2"]
[White "Tocchioni, Doriano"]
[Black "Suppa, Ercole"]
[Result "1/2-1/2"]
[WhiteElo "2250"]
[BlackElo "2123"]
[PlyCount "111"]
[EventDate "2000.08.11"]

1. d4 Nf6 2. Bg5 e6 3. e4 h6 4. Bxf6 Qxf6 5. Nf3 d6 6. Nbd2 Nd7 7. Bd3 a6 8.
O-O g6 9. Nc4 Qe7 10. c3 Bg7 11. h4 b6 12. Re1 Bb7 13. g3 h5 14. e5 Bh6 15. d5
Bxd5 16. exd6 cxd6 17. Be4 Nf6 18. Bxd5 Nxd5 19. Qd4 O-O 20. Nxb6 Nxb6 21. Qxb6
Rfb8 22. Qc6 Ra7 23. Re2 a5 24. Rd1 d5 25. Rxd5 Rc7 26. Qd6 Qxd6 27. Rxd6 Bf8
28. Ra6 Rb5 29. Nd4 Rd5 30. Nb3 Rd1+ 31. Kg2 Rcd7 32. Rxa5 Rb1 33. Ra8 Rdd1 34.
Nd4 Kg7 35. Ra7 Kf6 36. a4 Bc5 37. Rd7 e5 38. Rd5 Bxd4 39. cxd4 exd4 40. Re4
Rxb2 41. Rexd4 Ra1 42. Ra5 Rb7 43. Ra6+ Kg7 44. Kf3 Ra2 45. Rf4 Rb3+ 46. Kg2
Rb7 47. Rc6 Ra7 48. Rcc4 Rb7 49. Rb4 Rc7 50. g4 hxg4 51. Rxg4 Kh6 52. Rbc4 Rd7
53. Rcd4 Rc7 54. Rc4 Rb7 55. Rgf4 Kg7 56. Kg3 1/2-1/2

[Event "V Festival A"]
[Site "Nereto ITA"]
[Date "2000.08.12"]
[Round "2"]
[White "Tribuiani, Renato"]
[Black "Turturici, Pellegrino"]
[Result "1-0"]
[WhiteElo "2146"]
[BlackElo "2012"]
[PlyCount "163"]
[EventDate "2000.08.11"]

1. e4 d6 2. d4 Nf6 3. Nc3 g6 4. h4 Bg7 5. Be2 c6 6. h5 gxh5 7. Bxh5 Qa5 8. Bf3
h5 9. Nge2 Bg4 10. Bd2 Bxf3 11. gxf3 h4 12. Nd5 Qd8 13. Nxf6+ Bxf6 14. f4 Na6
15. Bc3 Qd7 16. Qd3 O-O-O 17. O-O-O Qc7 18. Rdg1 Kb8 19. Qh3 e6 20. e5 dxe5 21.
fxe5 Be7 22. Qf3 Nb4 23. Bxb4 Bxb4 24. Rg7 Rd7 25. Rhg1 Rhd8 26. Rg8 c5 27.
Rxd8+ Rxd8 28. Qe4 cxd4 29. Nxd4 Qc4 30. Rd1 Rc8 31. a3 Be7 32. Rd3 f5 33. Qf3
Bg5+ 34. Kb1 Be7 35. Rb3 Rc7 36. Qd3 h3 37. Rc3 Qxd3 38. Rxd3 Bh4 39. Rxh3 Bxf2
40. Nxe6 Rc8 41. Rf3 Bh4 42. Rxf5 Re8 43. Nd4 a6 44. c3 Kc8 45. Kc2 Rg8 46. Kd3
Rg3+ 47. Ke4 Be7 48. a4 Rg1 49. Kd5 Kd7 50. Rf7 Rd1 51. Rh7 Rd2 52. b3 Rd1 53.
Kc4 Rf1 54. Kd5 Rd1 55. e6+ Ke8 56. Rh8+ Bf8 57. Ke5 Re1+ 58. Kf6 Rf1+ 59. Nf5
Rf3 60. e7 Rxf5+ 61. Kxf5 Kxe7 62. Rh7+ Kd6 63. Rxb7 Kc6 64. Rf7 Ba3 65. Ke6 a5
66. Rf5 Bb2 67. c4 Bc3 68. Rb5 Bd2 69. Ke7 Kc7 70. Rd5 Bb4+ 71. Ke6 Kc6 72. Rd7
Ba3 73. Rd5 Bb4 74. Ke5 Bc3+ 75. Ke4 Bb4 76. Kd4 Be1 77. c5 Bc3+ 78. Kc4 Bb4
79. Rd6+ Kc7 80. Rg6 Be1 81. Kb5 Bc3 82. Ra6 1-0

[Event "V Festival A"]
[Site "Nereto ITA"]
[Date "2000.08.13"]
[Round "3"]
[White "Bocchicchio, Gaetano"]
[Black "Sbraccia, Giovanni"]
[Result "1-0"]
[WhiteElo "2214"]
[BlackElo "2131"]
[PlyCount "79"]
[EventDate "2000.08.11"]

1. d4 Nf6 2. Bg5 c5 3. d5 Qb6 4. Nc3 Qxb2 5. Bd2 Qb6 6. e4 d6 7. f4 e6 8. Nf3
Be7 9. Rb1 Qd8 10. Bb5+ Kf8 11. Bc4 exd5 12. exd5 Nbd7 13. a4 g6 14. O-O Kg7
15. h3 Re8 16. Re1 Kg8 17. f5 a6 18. fxg6 hxg6 19. Bf4 Nh5 20. Bh2 Ndf6 21. Ng5
Ng7 22. Qf3 Rf8 23. g4 Nxg4 24. hxg4 Bxg5 25. Ne4 Ne8 26. Re2 Bf6 27. Bf4 Bd4+
28. Kg2 Qh4 29. c3 Bxg4 30. cxd4 Bxf3+ 31. Kxf3 cxd4 32. Rh2 Qe7 33. Rbh1 g5
34. Rh8+ Kg7 35. R1h7+ Kg6 36. Rh6+ Kg7 37. R8h7+ Kg8 38. Bxg5 Nf6 39. Nxf6+
Qxf6+ 40. Bxf6 1-0

[Event "V Festival A"]
[Site "Nereto ITA"]
[Date "2000.08.13"]
[Round "3"]
[White "Buchicchio, Giancarlo"]
[Black "D'Innocente, Stefano"]
[Result "0-1"]
[WhiteElo "1837"]
[BlackElo "2025"]
[PlyCount "40"]
[EventDate "2000.08.11"]

1. e4 c5 2. d4 cxd4 3. c3 dxc3 4. Nxc3 e6 5. Nf3 d6 6. Bc4 Nf6 7. e5 Ng4 8. Bg5
Qc7 9. Qe2 a6 10. O-O Nxe5 11. Nxe5 dxe5 12. Rfd1 Be7 13. Ne4 O-O 14. Bd3 Bxg5
15. Nxg5 h6 16. Rac1 Nc6 17. Nh7 Rd8 18. Qg4 f5 19. Nf6+ Kf7 20. Qh4 Qe7 0-1